MARC details
| 000 -LEADER |
| fixed length control field |
01089nam a2200253Ia 4500 |
| 003 - CONTROL NUMBER IDENTIFIER |
| control field |
IN-BaIIA |
| 008 - FIXED-LENGTH DATA ELEMENTS--GENERAL INFORMATION |
| fixed length control field |
211028s9999 xx 000 0 eng d |
| 020 ## - INTERNATIONAL STANDARD BOOK NUMBER |
| International Standard Book Number |
0-7923-0769-0 |
| 040 ## - CATALOGING SOURCE |
| Transcribing agency |
IIA Library |
| 080 ## - UNIVERSAL DECIMAL CLASSIFICATION NUMBER |
| Universal Decimal Classification number |
52(082.1) |
| Item number |
ASS-162 |
| 111 ## - MAIN ENTRY--MEETING NAME |
| Meeting name or jurisdiction name as entry element |
Workshop on Physical Processes in Fragmentation and Star Formation |
| Location of meeting |
Monteporzio Catone, Rome |
| Date of meeting or treaty signing |
1989 June 5-11 |
| 9 (RLIN) |
16724 |
| 245 #0 - TITLE STATEMENT |
| Title |
Physical processes in fragmentation and star formation |
| Remainder of title |
proceedings of the workshop on physical processes in fragmentation and star formation, Monteporzio Catone, Rome, 5-11 Jun 1989 |
| Statement of responsibility, etc. |
edited byR. Capuzzo-Dolcetta, C. Chiosi and A. Di Fazio |
| 260 ## - PUBLICATION, DISTRIBUTION, ETC. |
| Place of publication, distribution, etc. |
Dordrecht |
| Name of publisher, distributor, etc. |
Kluwer Academic |
| Date of publication, distribution, etc. |
1990 |
| 300 ## - PHYSICAL DESCRIPTION |
| Extent |
xviii, 469p. |
| 490 ## - SERIES STATEMENT |
| Series statement |
Astrophysics and space science library; v. 162 |
| 650 ## - SUBJECT ADDED ENTRY--TOPICAL TERM |
| Topical term or geographic name entry element |
Astronomy and astrophysics thesaurus |
| 650 ## - SUBJECT ADDED ENTRY--TOPICAL TERM |
| Topical term or geographic name entry element |
Astrophysics |
| 9 (RLIN) |
794 |
| 650 ## - SUBJECT ADDED ENTRY--TOPICAL TERM |
| Topical term or geographic name entry element |
Star formation |
| 650 ## - SUBJECT ADDED ENTRY--TOPICAL TERM |
| Topical term or geographic name entry element |
Stellar evolution |
| 700 ## - ADDED ENTRY--PERSONAL NAME |
| Personal name |
Capuzzo-Dolcetta, R., ed. |
| 9 (RLIN) |
16725 |
| 700 ## - ADDED ENTRY--PERSONAL NAME |
| Personal name |
Chiosi, C., ed. |
| 9 (RLIN) |
16726 |
| 700 ## - ADDED ENTRY--PERSONAL NAME |
| Personal name |
Di Fazio, A., ed. |
| 9 (RLIN) |
16727 |
| 942 ## - ADDED ENTRY ELEMENTS (KOHA) |
| Koha item type |
Books |